| 000 | 00887nas a2200289 4500 | ||
|---|---|---|---|
| 001 | BR2010001204 | ||
| 003 | BR-BrBNA | ||
| 005 | 20231205113922.0 | ||
| 007 | ta | ||
| 008 | 230509b bl.|||p| |||| 00| 00por d | ||
| 040 |
_aBR-BrBNA _bpor _cBiblioteca Nacional de Agricultura |
||
| 041 | _a(Pt) | ||
| 072 | _aP40 | ||
| 100 | 1 | _aStreck, N.A. | |
| 100 | 1 | _aBuriol, G.A. | |
| 100 | 1 | _aHeldwein, A.B. | |
| 100 | 1 | _aGabriel, L.F. | |
| 100 | 1 | _aPaula, G.M. de | |
| 245 | 1 | _aAssociação da variabilidade da precipitação pluvial em Santa Maria com a oscilação decadal do pacífico | |
| 650 | _aCHUVA | ||
| 650 | _aCLIMA | ||
| 650 | _aTEMPERATURA | ||
| 650 | _aRIO GRANDE DO SUL | ||
| 773 | 0 |
_tPesquisa Agropecuária Brasileira (Brazil) _xISSN 0100-204X _g(Dec 2009), v. 44(12) p. 1553-1561 _wBR2010001204 |
|
| 909 |
_a202311 _bLúcia _c55 _dLúcia Elande |
||
| 942 |
_2AGRIS _n0 _cANA |
||
| 999 |
_c206272 _d206272 |
||